000 00394 a2200157 4500
003 OSt
005 20180116182740.0
008 160817b xxu||||| |||| 00| 0 eng d
040 _c0
082 _a342
100 _aJ. G. Starke
245 _aPublic International Law.
_cJ. G. Starke
260 _aLahore, Pakisan
_bMansoor Book House
_c1996
300 _a296
942 _aNBS
_cBK
_k342 STA
_2ddc
999 _c345288
_d345288